Η εγκληματικότητα των αλλοδαπών : τα στατιστικά δεδομένα
Αποθηκεύτηκε σε:
| Κύριος συγγραφέας: | |
|---|---|
| Συγγραφή απο Οργανισμό/Αρχή: | |
| Άλλοι συγγραφείς: | , |
| Μορφή: | Βιβλίο |
| Γλώσσα: | Greek |
| Δημοσίευση: |
Αθήνα :
ΚΕΠΕ,
2003.
|
| Σειρά: | Εκθέσεις (Κέντρο Προγραμματισμού και Οικονομικών Ερευνών)
; v.41 |
| Θέματα: | |
| Ετικέτες: |
Προσθήκη ετικέτας
Δεν υπάρχουν, Καταχωρήστε ετικέτα πρώτοι!
|
MARC
| LEADER | 00000cam a2200000 i 4500 | ||
|---|---|---|---|
| 001 | 1/83317 | ||
| 008 | 050808s2003 gr | ||| |||| ||gre|| | ||
| 020 | |a 9603410500 | ||
| 035 | |l 10079741 | ||
| 040 | |a GR-MY-UA |b gre |e aacr | ||
| 041 | 0 | |a gre | |
| 082 | 7 | |a 364.09495 |2 (22) | |
| 100 | 1 | |a Λιανός, Θεόδωρος Π., |d 1939- | |
| 245 | 1 | 2 | |a Η εγκληματικότητα των αλλοδαπών : |b τα στατιστικά δεδομένα / |c Θεοδώρου Π. Λιανού, Θεοφάνους Μπένου, Αγγελικής Δαρίτση. |
| 260 | |a Αθήνα : |b ΚΕΠΕ, |c 2003. | ||
| 300 | |a 74 σ. : |b πίν., σχ. ; |c 24 εκ. | ||
| 490 | 1 | |a (Εκθέσεις (Κέντρο Προγραμματισμού και Οικονομικών Ερευνών ; |v vol.41) | |
| 504 | |a Περιλαμβάνει βιβλιογραφικές παραπομπές. | ||
| 650 | 0 | |a Crime |z Greece |x Statistics. | |
| 650 | 0 | |a Alien criminals |z Greece |x Statistics. | |
| 650 | 0 | 0 | |a Immigrants |x Legal status, laws, etc. (Canon law) |z Greece. |
| 700 | 1 | |a Μπένος, Θεοφάνης Ε. | |
| 700 | 1 | |a Δαρίτση, Αγγελική. | |
| 710 | 2 | |a Κέντρο Προγραμματισμού και Οικονομικών Ερευνών. | |
| 830 | 0 | |a Εκθέσεις (Κέντρο Προγραμματισμού και Οικονομικών Ερευνών) |v ; v.41 | |
| 852 | |a INST |b CHIOS |e 20050808 |h 364.09495 ΛΙΑ |p 005200023114 |q 005200023114 |t BK |y 0 | ||
| 852 | |a INST |b LESVOS |e 20060804 |h 364.09495 ΛΙΑ |p 005100036447 |q 005100036447 |t BK |y 0 | ||
| 901 | |a BIBL2-2005-2 | ||
| 901 | |a BIBL1-2006-2 | ||
| 909 | |a Χ |b 108983 | ||
| 909 | |a Λ |b 129168 | ||
| 970 | |a ΧΑΖΙΡΗ |b ΑΝΝΑ |z 2005/08/08 | ||